[Event "Russian Blitz Internet Cup Superfinal"]
[Site "chessassistantclub.com INT"]
[Date "2004.12.28"]
[Round "4"]
[White "Shipov,S"]
[Black "Turov,M"]
[Result "1-0"]
[WhiteElo "2588"]
[BlackElo "2543"]

1.d4 Nf6 2.c4 g6 3.Nc3 d5 4.cxd5 Nxd5 5.e4 Nxc3 6.bxc3 Bg7 7.Nf3 c5 8.Be3 O-O
9.Be2 Nd7 10.O-O Nf6 11.Bd3 Ng4 12.Bg5 h6 13.Bh4 cxd4 14.cxd4 Bxd4 15.Nxd4 Qxd4
16.Rc1 Be6 17.Bxe7 Rfc8 18.Bb1 Qe5 19.Rxc8+ Rxc8 20.Bd6 Qb2 21.Bg3 Nf6 22.Bf4 Bxa2
23.Bxa2 Qxa2 24.Bxh6 Qb2 25.Qd3 a5 26.Rb1 Qe5 27.f3 Nh5 28.Be3 Nf4 29.Qd2 Ne6
30.Rxb7 a4 31.Ra7 Qa1+ 32.Kf2 Qb1 33.Qd7 Qb2+ 34.Kg3 Qb8+ 35.Kh3 Rc7 36.Rxc7 Qxc7
37.Qxa4 Qe5 38.Qa8+ Kg7 39.Qd5 Qc3 40.Bd2 Qf6 41.Kg3 Qb2 42.h4 Qb8+ 43.Kh3 Qc8
44.g4 Qc2 45.Kg3 Qd1 46.Bc3+  1-0

[Event "Russian Blitz Internet Cup Superfinal"]
[Site "chessassistantclub.com INT"]
[Date "2004.12.28"]
[Round "6"]
[White "Sakaev,K"]
[Black "Van Wely,L"]
[Result "1-0"]
[WhiteElo "2669"]
[BlackElo "2681"]

1.d4 Nf6 2.c4 g6 3.Nc3 d5 4.cxd5 Nxd5 5.e4 Nxc3 6.bxc3 Bg7 7.Bc4 c5 8.Ne2 O-O
9.O-O Nc6 10.Be3 Bg4 11.f3 Na5 12.Bxf7+ Rxf7 13.fxg4 Rxf1+ 14.Kxf1 Qd7 15.g5 Rd8
16.Kg1 e5 17.d5 b6 18.h3 Nc4 19.Qd3 Nd6 20.a4 c4 21.Qc2 Bf8 22.Kh1 Nb7 23.Ng1 Bc5
24.Qe2 Bxe3 25.Qxe3 Qf7 26.Nf3 Qf4 27.Qxf4 exf4 28.Rd1 Nc5 29.Rd4 Nxa4 30.Rxc4 Nc5
31.Ne5 Re8 32.Ng4 Kf7 33.e5 Rd8 34.Rxf4+ Ke7 35.c4 a5 36.e6 a4 37.Rf7+ Kd6
38.Ra7 Re8 39.Nh6 Ke5 40.Nf7+ Kd4 41.Nd6 Rb8 42.e7 Kc3 43.e8=Q Rxe8 44.Nxe8 Kb2
45.d6 a3 46.Nf6 a2 47.d7 Ne6 48.Nxh7 a1=Q+ 49.Rxa1 Kxa1 50.Nf8 Nd8 51.Nxg6 Kb2
52.Ne5  1-0

[Event "Czech Christmas"]
[Site "Litomysl CZE"]
[Date "2004.12.29"]
[Round "5"]
[White "Plischki,S"]
[Black "Novotny,M1"]
[Result "1-0"]
[WhiteElo "2346"]
[BlackElo "2210"]

1.d4 Nf6 2.c4 g6 3.Nc3 d5 4.cxd5 Nxd5 5.e4 Nxc3 6.bxc3 Bg7 7.Bc4 O-O 8.Ne2 b6
9.h4 Nc6 10.Bd5 Bb7 11.h5 e6 12.Bb3 Qf6 13.e5 Qe7 14.hxg6 fxg6 15.Nf4 Nd8
16.Qg4 Rf5 17.Qh3 Bh8 18.Nxg6  1-0

[Event "Asian Juniors"]
[Site "Bikaner IND"]
[Date "2004.12.30"]
[Round "11"]
[White "Gupta,Ab"]
[Black "Gopal,G"]
[Result "1/2-1/2"]
[WhiteElo "2412"]
[BlackElo "2278"]

1.d4 Nf6 2.c4 g6 3.Nc3 d5 4.cxd5 Nxd5 5.e4 Nxc3 6.bxc3 Bg7 7.Be3 c5 8.Qd2 Qa5
9.Rc1 O-O 10.Nf3 Rd8 11.Bc4 Bg4 12.Ng5 Rf8 13.h3 Bd7 14.f4 Na6 15.d5 Rad8
16.Bxa6 bxa6 17.c4 Qa3 18.O-O Rb8 19.e5 Rb2 20.Qc3 Qxa2 21.Rf2 Rxf2 22.Bxf2 f6
23.Ne4 fxe5 24.Ra1 Qe2 25.Ng3 Qxf2+ 26.Kxf2 exf4 27.Qa3 fxg3+ 28.Ke1 Bxa1
29.Qxa1 Bxh3 30.Qb2 Bf5 31.Qb3 Rc8 32.Qxg3 Kf7 33.Qa3 Ke8 34.Qxa6 Rc7 35.Kf2 Kd8
36.Ke3 h5 37.Kf4 Kd7 38.Ke5 Kd8 39.Qa4 Kc8 40.Qa5 Kb7 41.g3 a6 42.Qa4 Ka7
43.Qb3 Rb7 44.Qa3 Rc7 45.Qa5 Kb7 46.Kf4 Rc8 47.Kg5 Rc7 48.Kh6 Rc8 49.Qa3 Rc7
50.Qa4 Ka7 51.Kg7 Kb7 52.Kf8 Ka7 53.Qa3 Kb7 54.Qb2+ Ka7 55.Ke8 Rb7 56.Qa3 Rc7
57.Qb2 Rb7 58.Qa3 Rc7  1/2-1/2

[Event "34th Rilton Cup"]
[Site "Stockholm SWE"]
[Date "2004.12.30"]
[Round "4"]
[White "Nyback,T"]
[Black "Hermansson,E"]
[Result "1/2-1/2"]
[WhiteElo "2554"]
[BlackElo "2414"]

1.d4 Nf6 2.c4 g6 3.Nc3 d5 4.cxd5 Nxd5 5.e4 Nxc3 6.bxc3 Bg7 7.Bc4 c5 8.Ne2 O-O
9.O-O Nc6 10.Be3 Bg4 11.f3 Na5 12.Bd3 cxd4 13.cxd4 Be6 14.Rc1 Bxa2 15.Qa4 Bb3
16.Qb4 b6 17.Bg5 f6 18.Bh4 Qd6 19.Qxd6 exd6 20.d5 Rfc8 21.Nd4 Bh6 22.Nxb3 Nxb3
23.Rc6 a5 24.Rb1 a4 25.Kf2 Bg7 26.Bc2 Nc5 27.Bg3 f5 28.Bxd6 Bd4+ 29.Ke2 a3
30.Bxc5 bxc5 31.Rxc8+ Rxc8 32.Bb3 Rb8 33.Ba2 Rxb1 34.Bxb1 fxe4 35.fxe4 Kf7
36.Kd3 Ke7  1/2-1/2

[Event "34th Rilton Cup"]
[Site "Stockholm SWE"]
[Date "2004.12.30"]
[Round "4"]
[White "Namini,A"]
[Black "Horbing,S"]
[Result "1-0"]
[WhiteElo "2132"]
[BlackElo "2031"]

1.d4 Nf6 2.c4 g6 3.Nc3 d5 4.cxd5 Nxd5 5.e4 Nxc3 6.bxc3 Bg7 7.Bc4 c5 8.Ne2 Nc6
9.Be3 O-O 10.O-O Bg4 11.f3 Bd7 12.Qd2 Qc7 13.Rac1 a6 14.d5 Na5 15.Bd3 e6
16.c4 exd5 17.cxd5 c4 18.f4 b5 19.e5 Qb7 20.Be4 b4 21.Rb1 Rab8 22.Bc5 c3
23.Qd4 Bb5 24.Bxb4  1-0

[Event "Intl"]
[Site "Hastings ENG"]
[Date "2005.01.01"]
[Round "3"]
[White "Belov,Vl"]
[Black "Knott,S"]
[Result "1-0"]
[WhiteElo "2552"]
[BlackElo "2388"]

1.d4 Nf6 2.c4 g6 3.Nc3 d5 4.cxd5 Nxd5 5.e4 Nxc3 6.bxc3 Bg7 7.Nf3 c5 8.Rb1 O-O
9.Be2 Nc6 10.d5 Bxc3+ 11.Bd2 Bxd2+ 12.Qxd2 Na5 13.h4 Bg4 14.Ng5 Bxe2 15.Kxe2 e6
16.h5 Nc4 17.Qc1 exd5 18.hxg6 fxg6 19.Rxh7 Qf6 20.f4 b6 21.Rb3 Rae8 22.Rbh3 Re7
23.R7h6 Nd6 24.Qd2 d4 25.Qd3 Rfe8 26.Kd1 Rxe4 27.Nxe4 Rxe4 28.f5 Qxf5 29.Rxg6+ Qxg6
30.Rg3 Kf7 31.Rxg6 Kxg6 32.Qg3+ Kf5 33.Qxd6 Re3 34.Qd7+ Ke4 35.Qxa7 c4 36.Qh7+ Kd5
37.Qf5+ Kc6 38.g4 b5 39.g5 b4 40.g6 c3 41.Qf6+ Kc5 42.g7 d3 43.Qg5+ Kd4 44.Qf4+ Re4
45.Qf2+  1-0

[Event "3rd Platonov Mem"]
[Site "Kiev UKR"]
[Date "2005.01.05"]
[Round "2"]
[White "Lutsko,I"]
[Black "Shishkin,Va"]
[Result "1/2-1/2"]
[WhiteElo "2527"]
[BlackElo "2488"]

1.d4 Nf6 2.c4 g6 3.Nc3 d5 4.cxd5 Nxd5 5.e4 Nxc3 6.bxc3 Bg7 7.Bc4 c5 8.Ne2 Nc6
9.Be3 O-O 10.O-O Bg4 11.f3 Na5 12.Bd3 cxd4 13.cxd4 Be6 14.d5 Bxa1 15.Qxa1 f6
16.Bh6 Re8 17.Re1 Bf7 18.Bb5 Qb6+ 19.Nd4 Rec8 20.Be3 Nc4 21.Bf2 Qd6 22.Bg3 Qd8
23.h4 a6 24.Ba4 Ne5 25.Qd1 Qa5 26.Bb3 Qc3 27.Ne2 Qe3+ 28.Bf2 Qd3 29.Qa1 Qd2
30.Kf1 Nc4 31.Nd4 Qb2 32.Qxb2 Nxb2 33.Ke2 Nc4 34.g4 Ne5 35.Rd1 Rc7 36.g5 Rac8
37.Be3 Nc4 38.Bf4 Rd7 39.Rc1 Nd6 40.Rg1 Nb5 41.Nxb5 axb5 42.h5 Re8 43.hxg6 hxg6
44.Rc1 e6 45.dxe6 Bxe6 46.gxf6 Bxb3 47.axb3 Kf7 48.Rc5 Kxf6 49.Rxb5 Rc8 50.Be5+ Ke6
51.Ke3 Rc1 52.f4 Re1+ 53.Kf3 Rd3+ 54.Kf2 Rxe4 55.Rb6+ Kf5 56.Rf6+ Kg4 57.Rxg6+ Kh5
58.Rb6 Ree3 59.Rxb7 Kg4 60.Bb8 Rf3+ 61.Ke2 Rfe3+ 62.Kf2 Rh3 63.Ke2 Rc3 64.Kd2 Rcf3
65.Rg7+ Kf5 66.Rg5+ Ke6 67.Re5+ Kd7 68.Ba7 Rxb3 69.Re3 Rh2+ 70.Kc1 Rb4 71.Rd3+ Ke6
72.Bd4 Kf5 73.Be5 Ke4 74.Rd1 Rc4+ 75.Kb1 Re2 76.Rd8 Rh2 77.Rd1 Rh7 78.Bb2 Kxf4
79.Rf1+ Ke4 80.Re1+ Kd3 81.Rg1 Re7 82.Rd1+ Ke2 83.Rh1 Re3 84.Rh8 Rf3 85.Re8+ Kd2
86.Rd8+ Rd3 87.Rh8 Re3 88.Rd8+ Ke2 89.Rh8 Rc6 90.Rg8 Kd3 91.Rd8+ Kc4 92.Ra8 Re2
93.Ra4+ Kb3 94.Ra3+ Kb4 95.Ra8 Rc4 96.Rb8+ Ka4 97.Ra8+ Kb3 98.Ra3+ Kb4 99.Ra8 Rg4
100.Rb8+ Ka4 101.Ra8+ Kb3 102.Ra3+ Kb4 103.Ra8 Rg1+ 104.Ka2 Rg5 105.Rb8+ Rb5
106.Rc8 Ka5 107.Ka1 Ka4 108.Ra8+ Kb3 109.Ra3+ Kb4 110.Kb1 Rg2 111.Rh3 Rb7
112.Rh1 Ka4 113.Rh4+ Rb4 114.Rxb4+ Kxb4 115.Kc1 Kc4 116.Bf6 Kd3 117.Be5 Rc2+
118.Kb1 Re2 119.Bf6 Re6 120.Bg7 Rb6+ 121.Kc1 Rc6+ 122.Kb1 Rc8 123.Bf6 Rc4
124.Be5 Rc8 125.Bf6 Rb8+ 126.Kc1 Rc8+ 127.Kb1 Kd2 128.Bg5+ Kc3 129.Kc1 Kd3+
130.Kb2 Rb8+ 131.Kc1 Rb6 132.Bf4 Rc6+ 133.Kb1 Rc2 134.Be5 Kd2 135.Bf6 Rc6
136.Bg5+ Kc3 137.Kc1 Rg6 138.Bd2+ Kd3 139.Bf4 Rc6+ 140.Kb1 Re6 141.Kb2 Rb6+
142.Kc1 Rb5 143.Bh6 Rb7 144.Bg5 Rg7 145.Bf4 Rg2 146.Be5 Rc2+ 147.Kb1 Kd2
148.Bf6 Rc6 149.Bg5+ Kd3 150.Bf4 Rf6 151.Be5 Rf5 152.Bg7 Kd2 153.Kb2 Rb5+
154.Ka3 Kd3 155.Bf6 Kc4 156.Bg7 Rb3+ 157.Ka2 Rb7 158.Bf6 Rf7 159.Be5 Rf5
160.Bg7 Rg5 161.Bf6 Rb5 162.Ka3 Rf5 163.Bg7 Rb5 164.Ka2 Rb7  1/2-1/2

[Event "11th Open"]
[Site "Verona ITA"]
[Date "2005.01.06"]
[Round "6"]
[White "Esposito,L"]
[Black "Petraki,M"]
[Result "1-0"]
[WhiteElo "2212"]
[BlackElo "2108"]

1.d4 Nf6 2.c4 g6 3.Nc3 d5 4.cxd5 Nxd5 5.e4 Nxc3 6.bxc3 Bg7 7.Bc4 O-O 8.Ne2 c5
9.O-O Nc6 10.Be3 Qc7 11.Rc1 Rd8 12.Qa4 Bd7 13.Qa3 Na5 14.Bd5 e6 15.Bf4 Qc8
16.Qxa5 exd5 17.exd5 b6 18.Qa3 Bf5 19.c4 cxd4 20.Rfd1 Qc5 21.Qf3 Rac8 22.Ng3 Bd7
23.Bg5 Re8 24.Ne4 Rxe4 25.Qxe4 Re8 26.Qd3 h6 27.Bd2 Bf5 28.Qf3 Be4 29.Qb3 Kh7
30.Re1 Qc8 31.f3 Bf5 32.g4 Bd7 33.Rxe8 Qxe8 34.Qd3 Qe7 35.Bf4 Qc5 36.Bg3 b5
37.Bf2 bxc4 38.Qxc4 Qa3 39.Kg2 d3 40.Rd1 Qa5 41.Rxd3 Bb5 42.Qc5 Be5 43.Ra3  1-0

[Event "Open"]
[Site "Prague CZE"]
[Date "2005.01.15"]
[Round "2"]
[White "Grete,M"]
[Black "Andersen,Dani"]
[Result "1-0"]
[WhiteElo "2101"]
[BlackElo "2042"]

1.c4 Nf6 2.Nc3 d5 3.cxd5 Nxd5 4.e4 Nxc3 5.bxc3 g6 6.d4 Bg7 7.Be3 O-O 8.Bc4 c5
9.Ne2 Nc6 10.O-O Bd7 11.Rb1 cxd4 12.cxd4 a6 13.d5 Na5 14.Bb6  1-0

[Event "TCh-SWE Elitserien 2004-5"]
[Site "Sweden SWE"]
[Date "2005.01.15"]
[Round "6"]
[White "Akvist,H"]
[Black "Nylen,A"]
[Result "0-1"]
[WhiteElo "2260"]
[BlackElo "2205"]

1.d4 Nf6 2.c4 g6 3.Nc3 d5 4.cxd5 Nxd5 5.e4 Nxc3 6.bxc3 Bg7 7.Be3 c5 8.Rb1 Qa5
9.Qd2 cxd4 10.cxd4 Qxd2+ 11.Kxd2 O-O 12.Nf3 Rd8 13.Bd3 b6 14.Rhc1 Ba6 15.Rb3 Bxd3
16.Rxd3 Nd7 17.Ng1 Rac8 18.Ne2 Rxc1 19.Nxc1 Nb8 20.d5 Rd7 21.Ne2 Na6 22.Nd4 Nc5
23.Ra3 Nxe4+ 24.Ke2 Nf6 25.Nc6 Nxd5 26.Nxa7 Nxe3 27.fxe3 Be5 28.h3 Rc7 29.Nb5 Rc2+
30.Kf3 Rb2 31.Nd4 Kg7 32.Nb3 Bd6 33.Ra6 b5 34.Ra5 b4 35.Ra6 h5 36.h4 Rb1
37.Nd2 Rh1 38.g3 Be5 39.Nc4 Bc3 40.Nb6 Rf1+ 41.Kg2 Rf6  0-1

[Event "Corus B"]
[Site "Wijk aan Zee NED"]
[Date "2005.01.17"]
[Round "3"]
[White "Nielsen,PH"]
[Black "Carlsen,M"]
[Result "1/2-1/2"]
[WhiteElo "2648"]
[BlackElo "2553"]

1.d4 Nf6 2.c4 g6 3.Nc3 d5 4.cxd5 Nxd5 5.e4 Nxc3 6.bxc3 Bg7 7.Nf3 c5 8.Rb1 O-O
9.Be2 Qa5 10.O-O Qxc3 11.d5 Qa5 12.Bg5 Qc7 13.Qd2 Bg4 14.e5 Bxf3 15.Bxf3 Bxe5
16.d6 Bxd6 17.Rxb7 Qc8 18.Rbb1 Nc6 19.Qd5 Nd4 20.Qxa8 Qf5 21.Qd5 Nxf3+ 22.Qxf3 Qxg5
23.Qe4 Rc8 24.Rfc1 Kg7 25.g3 h5 26.Rc4 Qf6 27.Kg2 Be5 28.Rd1 Bd6 29.Rb1 Be5
30.Rd1 Bd6  1/2-1/2

[Event "Zimski Winter Open"]
[Site "Belgrade SCG"]
[Date "2005.01.23"]
[Round "2"]
[White "Cvijetic,V"]
[Black "Cukic,G"]
[Result "1/2-1/2"]
[WhiteElo "2025"]
[BlackElo "2023"]

1.d4 Nf6 2.c4 g6 3.Nc3 d5 4.cxd5 Nxd5 5.e4 Nxc3 6.bxc3 Bg7 7.Bb5+ c6 8.Ba4 O-O
9.Ne2 b5 10.Bb3 Bb7 11.Be3 Nd7 12.O-O Nb6 13.f3 a5 14.a4 Ba6 15.Qc2 bxa4
16.Bxa4 Nc4 17.Bf2 Bb5 18.Rfb1 Qd7 19.f4 Rab8 20.Nc1 Bxa4 21.Rxa4 Rxb1 22.Qxb1 Qg4
23.Nd3 Nd2 24.Qc1 Nxe4 25.Qe1 Nxc3 26.h3 Qh5 27.Rc4 Nd5 28.Rxc6 Qf5 29.Rc5 Qxd3
30.Rxd5 e6 31.Rxa5 Bxd4 32.Bxd4 Qxd4+ 33.Qf2 Qb4 34.Ra7 Rc8 35.Ra2 Rc4 36.Rb2 Qd6
37.g3 Rc1+ 38.Kh2 Qc6 39.Qg2 Kg7 40.Qxc6 Rxc6 41.Kg2  1/2-1/2

[Event "Open"]
[Site "Geneva SUI"]
[Date "2005.01.23"]
[Round "2"]
[White "Buehler,Bea"]
[Black "Wilson,A"]
[Result "1-0"]
[WhiteElo "2227"]
[BlackElo "2072"]

1.d4 Nf6 2.c4 g6 3.Nc3 d5 4.cxd5 Nxd5 5.e4 Nxc3 6.bxc3 Bg7 7.Be3 O-O 8.Bc4 c5
9.Ne2 Nc6 10.O-O a6 11.Rc1 b5 12.Bd5 Bb7 13.Bxc6 Bxc6 14.d5 Bb7 15.Bxc5 Rc8
16.Bd4 Rc4 17.Bxg7 Kxg7 18.f3 Qb6+ 19.Kh1 Rfc8 20.Qd2 Qd6 21.Rfd1 Qa3 22.Rb1 Ra4
23.Rb2 Qc5 24.h3 Rd8 25.Rb4 e6 26.Rxa4 bxa4 27.Qd4+ Qxd4 28.Rxd4 exd5 29.c4 Re8
30.cxd5 f5 31.Nc3 fxe4 32.fxe4 Kf6 33.Rb4 Bc8 34.Nxa4 Ke5 35.Nc5 Kd6 36.Nd3  1-0

[Event "Open"]
[Site "Geneva SUI"]
[Date "2005.01.25"]
[Round "4"]
[White "Daverio,E"]
[Black "Wilson,A"]
[Result "1-0"]
[WhiteElo "2101"]
[BlackElo "2072"]

1.d4 Nf6 2.c4 g6 3.Nc3 d5 4.cxd5 Nxd5 5.e4 Nxc3 6.bxc3 Bg7 7.Bb5+ c6 8.Ba4 b5
9.Bb3 b4 10.Qf3 O-O 11.Ne2 bxc3 12.Qxc3 Ba6 13.Be3 Nd7 14.Qxc6 Nb6 15.Qc3 Rc8
16.Qd2 Qd7 17.Rd1 Nc4 18.Bxc4 Rxc4 19.O-O Rfc8 20.Rc1 e5 21.Rfd1 Rxc1 22.Nxc1 exd4
23.Nb3 Qe6 24.Bxd4 Qxe4 25.Bxa7 Bb7 26.f3 Qa4 27.Be3 Qb5 28.h3 Bc3 29.Qd6 Be5
30.Qe7 Qe2 31.Rd8+ Rxd8 32.Qxd8+ Kg7 33.Qd2 Qxd2 34.Nxd2 Bc3 35.Ne4 Bb2 36.a4 Ba6
37.a5 Ba3 38.Bd4+ Kf8 39.Nf6 h5 40.Nd7+ Ke7 41.Nb8 Bb7 42.a6 Ba8 43.Kf2 Kd6
44.Ke3 Kc7 45.a7 Bd6 46.g4 hxg4 47.fxg4 Kc8 48.Na6 Kb7 49.Nc5+ Bxc5 50.Bxc5 Kc6
51.Kd4 Kc7 52.h4 Bf3 53.h5 gxh5 54.gxh5 Kb7 55.h6  1-0

[Event "Open"]
[Site "Geneva SUI"]
[Date "2005.01.25"]
[Round "4"]
[White "Papa,S"]
[Black "Mazet,J"]
[Result "1/2-1/2"]
[WhiteElo "2456"]
[BlackElo "2216"]

1.d4 Nf6 2.c4 g6 3.Nc3 d5 4.cxd5 Nxd5 5.e4 Nxc3 6.bxc3 Bg7 7.Nf3 c5 8.Rb1 O-O
9.Be2 b6 10.O-O Bb7 11.Qd3 e6 12.Bg5 Qd6 13.Qe3 Rc8 14.Bh6 Nd7 15.Bxg7 Kxg7
16.Rfd1 cxd4 17.cxd4 Qe7 18.e5 Rc7 19.h4 h6 20.Bd3 Rac8 21.Be4 Bd5 22.a4 Rc4
23.Bxd5 exd5 24.a5 Qe6 25.axb6 Nxb6 26.Qf4 R8c7 27.Nh2 Qf5 28.Qxf5 gxf5 29.Nf1 f4
30.g3 Na4 31.Rd3 Nc3 32.Re1 Nb5 33.Red1 Nc3 34.Re1 Nb5  1/2-1/2

[Event "IMA2"]
[Site "Marianske Lazne CZE"]
[Date "2005.01.26"]
[Round "5"]
[White "Bronowicki,M"]
[Black "Pribyl,Jo"]
[Result "1/2-1/2"]
[WhiteElo "2200"]
[BlackElo "2408"]

1.d4 Nf6 2.c4 g6 3.Nc3 d5 4.cxd5 Nxd5 5.e4 Nxc3 6.bxc3 Bg7 7.Nf3 O-O 8.Be2 b6
9.Rb1 Bb7 10.Qd3 c5 11.h4 Ba6 12.Qe3 Qc8 13.h5 cxd4 14.cxd4 Bxe2 15.Qxe2 Qa6
16.hxg6  1/2-1/2

[Event "Zimski Winter Open"]
[Site "Belgrade SCG"]
[Date "2005.01.27"]
[Round "5"]
[White "Ivanovic,N"]
[Black "Cerovic,D"]
[Result "1/2-1/2"]
[WhiteElo "2205"]
[BlackElo "2149"]

1.d4 Nf6 2.c4 g6 3.Nc3 d5 4.cxd5 Nxd5 5.e4 Nxc3 6.bxc3 Bg7 7.Nf3 c5 8.Rb1 O-O
9.Be2 cxd4 10.cxd4 Qa5+ 11.Bd2 Qxa2 12.O-O Nd7 13.Bg5 Nb6 14.Qd3 Qe6 15.Rfc1 h6
16.Be3 f5 17.exf5 gxf5 18.Ne5 Qd6 19.f4 Nd5 20.Bd2 Rb8 21.Bf3 Be6 22.Rc5 Rfd8
23.Rbb5 Nf6 24.d5 a6 25.Nc4 Qd7 26.Ne5 Qd6 27.Nc4 Qd7 28.Ne5  1/2-1/2

[Event "Zimski Winter Open"]
[Site "Belgrade SCG"]
[Date "2005.01.27"]
[Round "5"]
[White "Novkovic,Ma"]
[Black "Culafic,D"]
[Result "1-0"]
[WhiteElo "1931"]
[BlackElo "1857"]

1.c4 Nf6 2.Nc3 g6 3.d4 d5 4.cxd5 Nxd5 5.e4 Nxc3 6.bxc3 Bg7 7.Be3 O-O 8.Qd2 a6
9.Be2 Nc6 10.Nf3 b5 11.a3 Bb7 12.Bh6 Na5 13.Bxg7 Kxg7 14.Qd3 Rc8 15.Nd2 e6
16.O-O Qg5 17.f4 Qe7 18.a4 Nc4 19.axb5 axb5 20.Nb3 f5 21.Bf3 Nd6 22.Nc5 fxe4
23.Bxe4 Bxe4 24.Nxe4 Nxe4 25.Qxe4 Rf6 26.Rab1 Qd7 27.Qb7 Rcf8 28.g3 Rf5 29.Qe4 h5
30.h3 Qd6 31.Rfe1 R8f6 32.h4 Qa6 33.Ra1 Qb6 34.Reb1 c5 35.Kg2 Rd5 36.Rd1 c4
37.Rdb1 Rf8 38.Ra2 Qc6 39.Rab2 Rb8 40.Rb4 Ra8 41.Rxb5 Ra2+ 42.R5b2 Qa8 43.Kh3 Rxb2
44.Rxb2 Qa1 45.Rb1 Qa6 46.Rb4 Kf6 47.Qe2 Qa1 48.Kg2 Qa8 49.Kf2 Qc6 50.Qxc4 Qa8
51.Rb6 Qa5 52.Ra6 Qd8 53.Qc6 Qd7 54.Ke3 Kf5 55.Qxd7 Rxd7 56.Ra5+ Kf6 57.c4 Rb7
58.Ra3 Kf5 59.Kf3 Rb1 60.Rc3 Rf1+ 61.Ke2 Rb1 62.c5 Ke4 63.c6 Rb2+ 64.Kf1 Rb8
65.c7 Rc8 66.Kf2 Kxd4 67.Rc1 Kd5 68.Ke3 Kd6 69.Ke4 Kd7 70.Ke5 Ke7 71.Rc2 Kd7
72.Kf6 Rf8+ 73.Kxg6 Rh8 74.c8=Q+ Rxc8 75.Rxc8 Kxc8 76.Kxh5 Kd7 77.Kg6 Ke7
78.Kg7 e5 79.fxe5 Ke6 80.h5 Kxe5  1-0

[Event "10th HIT Open A"]
[Site "Nova Gorica SLO"]
[Date "2005.01.28"]
[Round "1"]
[White "Astengo,M"]
[Black "Nikolov,Sas"]
[Result "0-1"]
[WhiteElo "2074"]
[BlackElo "2431"]

1.d4 Nf6 2.c4 g6 3.Nc3 d5 4.cxd5 Nxd5 5.e4 Nxc3 6.bxc3 Bg7 7.Bc4 c5 8.Ne2 O-O
9.O-O Nc6 10.Be3 Qc7 11.Rc1 Rd8 12.Qd2 b6 13.Rfd1 Bb7 14.f3 Rac8 15.Qe1 Na5
16.Bd3 Qc6 17.Qg3 Qa4 18.e5 Nc4 19.Bg5 cxd4 20.cxd4 Nb2 21.Rxc8  0-1

[Event "Bundesliga 2004-5"]
[Site "Erfurt GER"]
[Date "2005.01.29"]
[Round "8"]
[White "Khenkin,I"]
[Black "McShane,L"]
[Result "1/2-1/2"]
[WhiteElo "2587"]
[BlackElo "2629"]

1.d4 Nf6 2.c4 g6 3.Nc3 d5 4.cxd5 Nxd5 5.e4 Nxc3 6.bxc3 Bg7 7.Be3 c5 8.Qd2 Qa5
9.Nf3 Nc6 10.Rb1 a6 11.Rc1 Bg4 12.d5 Rd8 13.Bd3 O-O 14.O-O f5 15.exf5 Bxf3
16.dxc6 Be4 17.Bc4+ Kh8 18.Qb2 b5 19.Be6 Qc7 20.Bd7 Bxf5 21.Qa3 Be5 22.f4 Bd6
23.Bxf5 Rxf5 24.Qxa6 Rb8 25.a4 Rb6 26.Qa8+ Rb8 27.Qa6 Rb6  1/2-1/2

[Event "10th HIT Open A"]
[Site "Nova Gorica SLO"]
[Date "2005.01.30"]
[Round "5"]
[White "Jelen,Ig"]
[Black "Jaracz,B"]
[Result "1/2-1/2"]
[WhiteElo "2346"]
[BlackElo "2256"]

1.d4 Nf6 2.c4 g6 3.Nc3 d5 4.cxd5 Nxd5 5.e4 Nxc3 6.bxc3 Bg7 7.Nf3 c5 8.Rb1 O-O
9.Be2 Nc6 10.d5 Ne5 11.Nxe5 Bxe5 12.Qd2 e6 13.f4 Bc7 14.O-O exd5 15.exd5 Ba5
16.d6 Rb8 17.Bf3 b6 18.Bb2 Bf5 19.Rbd1 b5 20.g4 Bd7 21.f5 c4 22.Qh6 gxf5
23.Bd5 Kh8 24.gxf5 Rg8+ 25.Kh1 Qg5 26.Qxg5 Rxg5 27.Bxf7 Bxf5 28.Bd5 Bd7 29.Bg2 Rbg8
30.Bb7 Rb8 31.Bg2 Rbg8 32.Bb7 Rb8  1/2-1/2

[Event "Oceania zt"]
[Site "Auckland NZL"]
[Date "2005.02.01"]
[Round "4"]
[White "Solomon,SJ"]
[Black "Feldman,V"]
[Result "1/2-1/2"]
[WhiteElo "2426"]
[BlackElo "2300"]

1.d4 Nf6 2.c4 g6 3.Nc3 d5 4.cxd5 Nxd5 5.e4 Nxc3 6.bxc3 Bg7 7.Nf3 c5 8.Rb1 O-O
9.Be2 Nc6 10.d5 Ne5 11.Nxe5 Bxe5 12.Qd2 e6 13.f4 Bc7 14.Bc4 e5 15.O-O exf4
16.Qf2 Qf6 17.Bxf4 Bxf4 18.Qxf4 Qxc3 19.e5 b5 20.Rxb5 Qd4+ 21.Qxd4 cxd4 22.d6 Ba6
23.Rc5 Bxc4 24.Rxc4 Rae8 25.Re1 Re6 26.Rxd4 Rd8 27.Rde4 f6 28.exf6 Rxe4 29.Rxe4 Rxd6
30.Re7 Ra6 31.Rg7+ Kh8 32.Rc7 Kg8 33.g4 Rxf6 34.Rxa7 h5 35.gxh5 gxh5 36.Rb7 Ra6
37.Rb2 Ra3 38.Rf2 Kg7 39.Kf1 Kg6 40.Ke1 Kg5 41.Kd1 Kg4 42.Kc1 h4 43.Kb2 Ra8
44.a3 Kh3 45.Kb3 Rg8 46.a4 Rg2 47.Rxg2 Kxg2 48.a5 Kxh2 49.a6 h3 50.a7 Kg1
51.a8=Q h2  1/2-1/2

[Event "Oceania zt"]
[Site "Auckland NZL"]
[Date "2005.02.03"]
[Round "8"]
[White "Krstev,A"]
[Black "Perry,R NZL"]
[Result "1/2-1/2"]
[WhiteElo "2132"]
[BlackElo "2186"]

1.d4 Nf6 2.c4 g6 3.Nc3 d5 4.cxd5 Nxd5 5.e4 Nxc3 6.bxc3 Bg7 7.Bc4 c5 8.Be3 O-O
9.Ne2 Nc6 10.O-O Bg4 11.f3 Na5 12.Bd5 Bd7 13.Rb1 Qc8 14.dxc5 e6 15.Bb3 Rd8
16.Qc2 Bf8 17.Kh1 Bxc5 18.Bg5 Re8 19.Bf6 Bf8 20.f4 Bg7 21.Bxg7 Kxg7 22.c4 b6
23.Qc3+ Kg8 24.Ng3 Qc5 25.Rf3 Rad8 26.Qf6 Bc6 27.Rbf1 Qd4 28.Nh5 gxh5 29.Rg3+ Kf8
30.e5 Be4 31.Rg7 Bg6 32.f5 exf5 33.Rxf5 Qd7 34.Rxg6 hxg6  1/2-1/2

[Event "Oceania zt"]
[Site "Auckland NZL"]
[Date "2005.02.03"]
[Round "8"]
[White "Bjelobrk,I"]
[Black "Feldman,V"]
[Result "1/2-1/2"]
[WhiteElo "2377"]
[BlackElo "2300"]

1.d4 Nf6 2.c4 g6 3.Nc3 d5 4.cxd5 Nxd5 5.e4 Nxc3 6.bxc3 Bg7 7.Nf3 c5 8.Be3 Qa5
9.Qd2 O-O 10.Rc1 Rd8 11.d5 e6 12.c4 Qxd2+ 13.Nxd2 b6 14.Be2 Na6 15.O-O Nb4
16.a3 Na2 17.Rc2 Nc3 18.Bf3 exd5 19.cxd5 Ba6 20.Rfc1 Ne2+ 21.Bxe2 Bxe2 22.f3 Bd3
23.Ra2 f5 24.Bg5 Rd7 25.a4 Re8 26.a5 fxe4 27.fxe4 Bd4+ 28.Kh1 Bxe4 29.Nxe4 Rxe4
30.axb6 axb6 31.Ra8+ Kg7 32.h3 h6 33.Rd8 Ra7 34.Bd2 Bf6 35.Rd6 Re2 36.Bc3 Bxc3
37.Rxc3 Ra1+ 38.Kh2 Rd1  1/2-1/2

[Event "ch-CZE"]
[Site "Prague CZE"]
[Date "2005.02.04"]
[Round "4"]
[White "Klima,L"]
[Black "Jansa,Vl"]
[Result "1/2-1/2"]
[WhiteElo "2484"]
[BlackElo "2515"]

1.d4 Nf6 2.c4 g6 3.Nc3 d5 4.cxd5 Nxd5 5.e4 Nxc3 6.bxc3 Bg7 7.Nf3 c5 8.Be3 Qa5
9.Qd2 Nc6 10.Rc1 cxd4 11.cxd4 Qxd2+ 12.Kxd2 O-O 13.d5 Rd8 14.Ke1 Nb4 15.a3 Na2
16.Rc4 b5 17.Rc7 Rd7 18.Rc5 Nc3 19.Bd3 a6 20.Bc2 Bb7 21.Bd4 Rc8 22.Rxc8+ Bxc8
23.Kd2 Rc7 24.Ne5 Bh6+ 25.Be3 Bxe3+ 26.fxe3 f5 27.exf5 Bxf5 28.Bxf5 gxf5
29.Rf1 Ne4+ 30.Kd3 Rc3+ 31.Kd4 Rxa3 32.Rxf5 Nf6 33.Nc6 Ra4+ 34.Kd3 Ra3+ 35.Kd4 Ra4+
36.Kd3 Ra3+ 37.Kd4  1/2-1/2

[Event "FSIMB February"]
[Site "Budapest HUN"]
[Date "2005.02.07"]
[Round "3"]
[White "Schulze,Hu"]
[Black "Nagy,Ben"]
[Result "1/2-1/2"]
[WhiteElo "2175"]
[BlackElo "2349"]

1.d4 Nf6 2.c4 g6 3.Nc3 d5 4.cxd5 Nxd5 5.e4 Nxc3 6.bxc3 Bg7 7.Rb1 O-O 8.Be3 c5
9.Nf3 Nc6 10.Qd2 Bg4 11.d5 Bxf3 12.gxf3 Ne5 13.Be2 Qc8 14.h4 h5 15.Bh6 b6
16.Bxg7 Kxg7 17.f4 Ng4 18.f5 Nf6 19.e5 Ne4 20.Qe3 Qxf5 21.Bd3 Qxe5 22.Bxe4 Rad8
23.f4 Qf6 24.Rd1 e6 25.d6 e5 26.fxe5 Qxe5 27.Rd5 Qe6 28.Rxh5 Rh8 29.Rxh8 Rxh8
30.Kf2 Re8 31.Re1 Qxd6 32.Qg5 Re5 33.Qg3 Qe7 34.Bxg6 Rxe1 35.Be4+ Kh8 36.Qb8+ Kg7
37.Qg3+ Kh8 38.Qb8+  1/2-1/2

[Event "XII TCh-RUS 1st League"]
[Site "Smolensk RUS"]
[Date "2005.02.08"]
[Round "7"]
[White "Parfenov,Vi"]
[Black "Korniushin,N"]
[Result "0-1"]
[WhiteElo "2229"]
[BlackElo "2454"]

1.d4 Nf6 2.c4 g6 3.Nc3 d5 4.cxd5 Nxd5 5.e4 Nxc3 6.bxc3 Bg7 7.Nf3 c5 8.Rb1 O-O
9.Be2 Nc6 10.d5 Bxc3+ 11.Bd2 Bxd2+ 12.Qxd2 Na5 13.h4 Bg4 14.h5 Bxf3 15.gxf3 e5
16.Qc3 f6 17.hxg6 hxg6 18.f4 Kg7 19.fxe5 b6 20.Qe3 Rh8 21.Rxh8 Qxh8 22.exf6+ Kf7
23.e5 Qh1+ 24.Bf1 Qxd5 25.Rd1 Qc6 26.Rd6 Qxd6 27.exd6 Re8 28.Qxe8+ Kxe8 29.Bb5+ Kf7
30.Bc4+ Kxf6 31.Bd5 b5 32.Kd2 Nc4+ 33.Bxc4 bxc4  0-1

[Event "FSIMB February"]
[Site "Budapest HUN"]
[Date "2005.02.09"]
[Round "5"]
[White "Schulze,Hu"]
[Black "Katsuhara,O"]
[Result "1-0"]
[WhiteElo "2175"]
[BlackElo "2083"]

1.d4 Nf6 2.c4 g6 3.Nc3 d5 4.cxd5 Nxd5 5.e4 Nxc3 6.bxc3 Bg7 7.Rb1 c5 8.Bb5+ Nc6
9.Ne2 Qa5 10.Qa4 Qxa4 11.Bxa4 O-O 12.Be3 cxd4 13.cxd4 Rd8 14.d5 Ne5 15.O-O b6
16.Nd4 Nc4 17.Bc6 Nxe3 18.fxe3 Rb8 19.a4 Bh6 20.Rb3 e5 21.Nb5 a6 22.Na3 Bg4
23.Kf2 Bd7 24.Rc1 Bf8 25.Nc4 Bxc6 26.dxc6 Bd6 27.Rxb6 Rxb6 28.Nxb6 Rb8 29.a5 Bc7
30.Rc5 Kg7 31.Ke2 f6 32.Kd3 Kf7 33.Kc4 Ke6 34.Rd5 Bd6 35.g4 Rf8 36.Nd7 Rc8
37.Nc5+ Ke7 38.Nxa6 Rxc6+ 39.Nc5 Rc8 40.a6 Rb8 41.Nb7 Bc7 42.Kb5 Ra8 43.Kc6 Rxa6+
44.Kxc7 Ra4 45.Rd7+ Kf8 46.Nd6 Ra3 47.Rxh7 Rxe3 48.Rf7+ Kg8 49.Rxf6 Kg7 50.g5 Rh3
51.Rf2 Rh4 52.Rg2 Kf8 53.Kd7 Rh7+ 54.Ke6 Re7+ 55.Kf6 Ra7 56.Rb2 Ra8 57.Rc2  1-0

[Event "FSIMB February"]
[Site "Budapest HUN"]
[Date "2005.02.11"]
[Round "7"]
[White "Schulze,Hu"]
[Black "Johannesson,I"]
[Result "0-1"]
[WhiteElo "2175"]
[BlackElo "2315"]

1.d4 Nf6 2.c4 g6 3.Nc3 d5 4.cxd5 Nxd5 5.e4 Nxc3 6.bxc3 Bg7 7.Rb1 O-O 8.Be3 c5
9.Qd2 cxd4 10.cxd4 b6 11.Nf3 e6 12.Bh6 Bb7 13.Bxg7 Kxg7 14.Bd3 Nc6 15.Bc2 Rc8
16.h4 h6 17.h5 g5 18.e5 Ba6 19.Rh3 Qd5 20.Rg3 Qa5 21.Qxa5 Nxa5 22.Be4 Rfd8
23.Rd1 Bc4 24.Bb1 Nc6 25.Rg4 Nb4 26.a3 Nd5 27.Rc1 f5 28.exf6+ Nxf6 29.Rg3 Nxh5
30.Rg4 Nf6 31.Rg3 Bd5 32.Rxc8 Rxc8 33.Nd2 Rc1+ 34.Ke2 Nh5  0-1